Denver International Airport Destinations (Denver, CO, USA) - Statistics

General Stats
  • This quiz has been taken 301 times
    94 since last reset
  • The average score is 145 of 232
Answer Stats
Airline Destination % Correct
American Airlines/American Eagle/Frontier Airlines/United Airlines Dallas/Fort Worth
94%
Southwest Airlines Dallas (Love)
94%
British Airways/United Airlines London (Heathrow)
94%
American Eagle/Delta Air Lines/Frontier Airlines/Southwest Airlines/United Airlines Los Angeles
94%
Aeroméxico/United Airlines/Volaris Mexico City
94%
Delta Air Lines/Frontier Airlines/JetBlue New York (JFK)
94%
Delta Air Lines/Frontier Airlines/Southwest Airlines/United Airlines New York (LaGuardia)
94%
Air France Paris (Charles de Gualle)
94%
Delta Air Lines/Frontier Airlines/Southwest Airlines/United Airlines Atlanta
92%
Lufthansa/United Airlines Frankfurt
92%
Frontier Airlines/Southwest Airlines Houston (Hobby)
92%
Frontier Airlines/United Airlines Houston (Intercontinental)
92%
American Airlines/Frontier Airlines/Southwest Airlines/United Airlines Miami
92%
Alaska Airlines/Delta Air Lines/Frontier Airlines/Southwest Airlines/United Airlines Seattle/Tacoma
92%
Delta Connection/Frontier Airlines/Southwest Airlines/United Airlines Austin
90%
United Airlines/WestJet Calgary
90%
Frontier Airlines/Southwest Airlines/United Airlines Cleveland
90%
Delta Air Lines/Frontier Airlines/Southwest Airlines/United Airlines Detroit
90%
United Express San Diego/Carlsbad
90%
Frontier Airlines/Southwest Airlines/United Airlines San Francisco
90%
Air Canada/United Airlines Toronto (Pearson)
90%
American Airlines/Frontier Airlines/Southwest Airlines/United Airlines Charlotte
88%
Frontier Airlines/Southwest Airlines Chicago (Midway)
88%
American Airlines/Frontier Airlines/Southwest Airlines/United Airlines Chicago (O'Hare)
88%
Frontier Airlines/Southwest Airlines/United Airlines Jacksonville (FL)
88%
Frontier Airlines/Southwest Airlines/United Airlines Las Vegas
88%
Delta Air Lines/Frontier Airlines/Southwest Airlines/Sun Country Airlines/United Airlines/United Express Minneapolis/St. Paul
88%
American Airlines/Frontier Airlines/Southwest Airlines/United Airlines Philadelphia
88%
American Airlines/American Eagle/Frontier Airlines/Southwest Airlines/United Airlines/United Express Phoenix (Sky Harbor)
88%
Alaska Airlines/Frontier Airlines/Southwest Airlines/United Airlines San Diego
88%
Air Canada/Air Canada Express/United Airlines Vancouver
88%
Southwest Airlines/United Airlines/United Express Albuquerque
86%
Delta Air Lines/JetBlue/Southwest Airlines/United Airlines Boston
86%
Frontier Airlines/Southwest Airlines/United Airlines Columbus (Glenn)
86%
Frontier Airlines/Southwest Airlines/United Airlines/United Express El Paso
86%
Aeroméxico/Volaris Guadalajara
86%
United Airlines Honolulu
86%
Frontier Airlines/Southwest Airlines/United Airlines Indianapolis
86%
Frontier Airlines/Southwest Airlines/United Airlines/United Express Kansas City
86%
Frontier Airlines/Southwest Airlines/United Airlines Memphis
86%
United Airlines Newark
86%
Frontier Airlines/Southwest Airlines/United Airlines/United Express Oklahoma City
86%
Frontier Airlines/Southwest Airlines/United Airlines Orlando
86%
United Airlines Portland (ME)
86%
Alaska Airlines/Frontier Airlines/Southwest Airlines/United Airlines/United Express Portland (OR)
86%
Frontier Airlines/Southwest Airlines/United Airlines San Jose (CA)
86%
Southwest Airlines/United Airlines San José (CR)
86%
Frontier Airlines/Southwest Airlines/United Airlines San José del Cabo
86%
Frontier Airlines/Southwest Airlines/United Airlines St. Louis
86%
Frontier Airlines/Southwest Airlines/United Airlines Tampa
86%
Southwest Airlines/United Airlines Washington (Dulles)
86%
Frontier Airlines/United Airlines Washington (National)
86%
Frontier Airlines/Southwest Airlines/United Airlines Baltimore
84%
Frontier Airlines/Southwest Airlines/United Airlines Cancún
84%
Allegiant Air/Frontier Airlines/Southwest Airlines/United Airlines Cincinnati
84%
Aer Lingus Dublin
84%
United Airlines Edmonton
84%
Lufthansa/United Airlines Munich
84%
Frontier Airlines/Southwest Airlines/United Airlines Nashville
84%
Frontier Airlines/Southwest Airlines/United Airlines New Orleans
84%
Frontier Airlines/Southwest Airlines/United Airlines Raleigh/Durham
84%
Icelandair Reykjavík
84%
United Airlines Tokyo (Narita)
84%
Alaska Airlines/Southwest Airlines/United Airlines Anchorage
82%
Southwest Airlines/United Airlines/United Express Colorado Springs
82%
Frontier Airlines/Southwest Airlines/United Airlines/United Express Des Moines
82%
Frontier Airlines/Southwest Airlines/United Airlines Pittsburgh
82%
Frontier Airlines/Southwest Airlines/United Airlines Sacramento
82%
Delta Air Lines/Frontier Airlines/Southwest Airlines/United Airlines/United Express Salt Lake City
82%
Frontier Airlines/Southwest Airlines/United Airlines/United Express Tucson
82%
Frontier Airlines/Southwest Airlines/United Airlines/United Express Boise
80%
Frontier Airlines/Southwest Airlines/United Airlines Buffalo
80%
Frontier Airlines/Southwest Airlines/United Airlines/United Express Milwaukee
80%
Air Canada Montréal (Trudeau)
80%
Southwest Airlines Oakland
80%
Frontier Airlines/Southwest Airlines/United Airlines/United Express Omaha
80%
Frontier Airlines/Southwest Airlines/United Airlines San Antonio
80%
United Express Aspen
78%
Southwest Airlines/United Airlines Fort Lauderdale
78%
Frontier Airlines/Southwest Airlines/United Airlines Reno/Tahoe
78%
Frontier Airlines/Southwest Airlines/United Airlines/United Express Spokane
78%
Frontier Airlines/Southwest Airlines/United Airlines/United Express Tulsa
78%
Edelweiss Air Zürich
78%
United Airlines/United Express Billings
76%
Southwest Airlines/United Airlines Charleston (SC)
76%
Frontier Airlines/Southwest Airlines/United Express Little Rock
76%
United Express Monterey
76%
Aeroméxico/Viva Monterrey
76%
Southwest Airlines/United Airlines/United Express Panama City (FL)
76%
Copa Airlines Panama City (Tocumen)
76%
United Airlines Rome (Fiumicino)
76%
Southwest Airlines/United Airlines/United Express Wichita
76%
United Express Cheyenne
74%
Frontier Airlines/United Airlines/United Express Fayetteville/Bentonville
74%
United Express Lincoln
74%
Frontier Airlines/United Airlines Madison
74%
United Express Santa Fe
74%
Frontier Airlines/United Airlines/United Express Sioux Falls
74%
United Airlines/United Express Eagle/Vail
72%
Southwest Airlines/United Airlines/United Express Eugene
72%
Frontier Airlines/Southwest Airlines/United Airlines Fort Myers
72%
Southwest Airlines/United Airlines Hartford
72%
Southwest Airlines/United Airlines Louisville
72%
United Express Amarillo
70%
Southwest Airlines/United Airlines/United Express Bozeman
70%
Southwest Airlines/United Airlines/United Express Fresno
70%
Southwest Airlines Long Beach
70%
United Express Winnipeg
70%
Frontier Airlines/Southwest Airlines/United Airlines Burbank
68%
Frontier Airlines/United Airlines/United Express Fargo
68%
Cayman Airways Grand Cayman
68%
Turkish Airlines Istanbul
68%
Frontier Airlines/Southwest Airlines/United Airlines Ontario
68%
United Airlines San Juan
68%
Southwest Airlines/United Airlines Savannah
68%
United Express Springfield/Branson
68%
Southwest Airlines Albany
66%
Allegiant Air/Frontier Airlines/Southwest Airlines/United Airlines/United Express Knoxville
66%
Frontier Airlines/Southwest Airlines/United Airlines/United Express Palm Springs
66%
Frontier Airlines/Southwest Airlines/United Airlines Puerto Vallarta
66%
United Airlines Punta Cana
66%
Southwest Airlines/United Airlines/United Express Santa Barbara
66%
Southwest Airlines/United Express Birmingham (AL)
64%
Frontier Airlines/United Airlines Cedar Rapids/Iowa City
64%
United Airlines/United Express Dayton
64%
Southwest Airlines/United Airlines Grand Rapids
64%
Frontier Airlines/Southwest Airlines/United Airlines Orange County
64%
Frontier Airlines/Southwest Airlines/United Airlines Richmond
64%
United Express Columbia (MO)
62%
United Express Greensboro
62%
United Express Lexington
62%
Frontier Airlines/United Airlines/United Express Missoula
62%
United Airlines Nassau
62%
Southwest Airlines/United Airlines Norfolk
62%
United Airlines/United Express Redmond/Bend
62%
Allegiant Air/United Express Asheville
60%
Allegiant Air/United Express Idaho Falls
60%
United Airlines/United Express Jackson Hole
60%
Southwest Airlines/United Express Lubbock
60%
Denver Air Connection Pueblo
60%
United Express Helena
58%
United Airlines/United Express Rapid City
58%
United Express St. George (UT)
58%
United Express Bismarck
56%
United Airlines Cozumel
56%
United Airlines/United Express Grand Junction
56%
Southwest Airlines/United Airlines/United Express Greenville/Spartanburg
56%
Southwest Airlines/United Airlines/United Express Hayden/Steamboat Springs
56%
United Airlines Kahului
56%
Southwest Airlines/United Express Midland/Odessa
56%
United Express Casper
54%
United Airlines/United Express Durango (CO)
54%
United Airlines Fairbanks
54%
United Express Minot
54%
Frontier Airlines/Southwest Airlines/United Airlines/United Express Pensacola
54%
United Express Pierre
54%
Breeze Airways/Frontier Airlines/Southwest Airlines Providence
54%
United Airlines West Palm Beach
54%
United Airlines Montego Bay
52%
Frontier Airlines/United Airlines Syracuse
52%
United Express Wilmington (NC)
52%
Allegiant Air/United Express Appleton
50%
United Express Bakersfield
50%
Southwest Airlines/United Airlines Belize City
50%
Allegiant Air Destin/Fort Walton Beach
50%
United Express Huntsville
50%
United Airlines Lihue
50%
Southwest Airlines/United Airlines Myrtle Beach
50%
United Express Regina
50%
United Airlines Burlington (VT)
48%
United Airlines/United Express Great Falls
48%
Southwest Airlines/United Airlines Liberia (CR)
48%
United Airlines/United Express San Luis Obispo
48%
Southwest Airlines/United Airlines Sarasota
48%
United Airlines/United Express Glacier Park/Kalispell
46%
United Airlines/United Express Medford
46%
Southwest Airlines/United Airlines/United Express Montrose
46%
United Express Sioux City
46%
Frontier Airlines Corpus Christi
44%
United Express Laramie
44%
United Express Shreveport
44%
Allegiant Air Allentown
42%
United Airlines Kailua-Kona
42%
Allegiant Air/United Express Peoria
42%
Volaris Chihuahua
40%
United Express Redding
40%
United Airlines/United Express Traverse City
40%
United Express Butte
38%
United Express Moline/Quad Cities
38%
United Express Cody
36%
United Airlines/United Express Tri-Cities (WA)
36%
United Airlines Tulum
36%
United Express Dodge City
34%
United Express Gunnison/Crested Butte
34%
Contour Airlines Moab
34%
United Express Rock Springs
34%
Southwest Airlines Santa Rosa
34%
Denver Air Connection Alamosa
32%
United Express Prescott
32%
Allegiant Air Stockton
32%
United Express Williston (ND)
32%
United Express Eureka
30%
United Express Harlingen
30%
United Express Joplin
30%
United Airlines Roatán
28%
United Express Sun Valley
28%
United Express Gillette
26%
United Express Salina
26%
United Express Scottsbluff
24%
Contour Airlines/United Express Vernal
24%
United Express West Yellowstone
24%
United Express Hobbs
22%
United Express North Platte
22%
Denver Air Connection Telluride (CO)
22%
United Express Watertown (SD)
22%
Denver Air Connection Clovis (NM)
20%
Denver Air Connection Cortez
20%
United Express Liberal
20%
Contour Airlines Taos
20%
Denver Air Connection Alliance
18%
United Express North Bend/Coos Bay
18%
United Express Sheridan (WY)
18%
United Express Dickinson
16%
United Express Hays
16%
United Express Jamestown (ND)
16%
United Express Kearney
16%
United Express Bishop
14%
United Express Devils Lake
14%
Denver Air Connection McCook
14%
United Express Riverton
14%
Denver Air Connection Chadron
12%
Contour Airlines Page
12%
No matching quizzes found
Score Distribution
Percent of People with Each Score
Percentile by Number Answered
Your Score History
You have not taken this quiz since the last reset